Autocad : manual de referencia / (Record no. 170562)
[ view plain ]
| 000 -CABECERA | |
|---|---|
| campo de control de longitud fija | 01246nam a2200361Ia 4500 |
| 001 - NÚMERO DE CONTROL | |
| campo de control | dia_131 |
| 003 - IDENTIFICADOR DEL NÚMERO DE CONTROL | |
| campo de control | CHAP |
| 005 - FECHA Y HORA DE LA ÚLTIMA TRANSACCIÓN | |
| campo de control | 20221208113732.0 |
| 008 - DATOS DE LONGITUD FIJA--INFORMACIÓN GENERAL | |
| campo de control de longitud fija | 220117s1992 xx 000 0 und d |
| 010 ## - NÚMERO DE CONTROL DE LA BIBLIOTECA DEL CONGRESO | |
| Número de control de LC | 170562 |
| 020 ## - NÚMERO INTERNACIONAL ESTÁNDAR DEL LIBRO | |
| Número Internacional Estándar del Libro | 84-7615-845-9 |
| 040 ## - FUENTE DE LA CATALOGACIÓN | |
| Centro/agencia transcriptor | CHAP |
| 082 ## - NÚMERO DE LA CLASIFICACIÓN DECIMAL DEWEY | |
| Número de clasificación | 620.00420285 J64 1992 |
| 100 ## - ENTRADA PRINCIPAL--NOMBRE DE PERSONA | |
| Nombre de persona | Johnson, Nelson |
| 9 (RLIN) | 147299 |
| 245 ## - MENCIÓN DE TÍTULO | |
| Título | Autocad : manual de referencia / |
| Mención de responsabilidad, etc. | Nelson Johnson ; traducción José Rafael García Lazaro, José Fernando Bienvenido Barcena y Alfonso Bosch Aran |
| 250 ## - MENCIÓN DE EDICIÓN | |
| Mención de edición | 2a ed. |
| 260 ## - PUBLICACIÓN, DISTRIBUCIÓN, ETC. | |
| Lugar de publicación, distribución, etc. | México : |
| Nombre del editor, distribuidor, etc. | McGraw-Hill, |
| Fecha de publicación, distribución, etc. | 1992 |
| 300 ## - DESCRIPCIÓN FÍSICA | |
| Extensión | xxxi, 908 p. |
| 500 ## - NOTA GENERAL | |
| Nota general | Título original: Autocad. The Complete Reference. |
| 503 ## - NOTA DE HISTORIA BIBLIOGRÁFICA (BK CF MU) [OBSOLETO] | |
| Nota de historia bibliográfica | I.168709 |
| 590 ## - NOTA LOCAL (RLIN) | |
| Nota local | T385 J64 1992 |
| 650 ## - PUNTO DE ACCESO ADICIONAL DE MATERIA--TÉRMINO DE MATERIA | |
| Término de materia o nombre geográfico como elemento de entrada | Computer graphics |
| 9 (RLIN) | 147300 |
| 650 ## - PUNTO DE ACCESO ADICIONAL DE MATERIA--TÉRMINO DE MATERIA | |
| Término de materia o nombre geográfico como elemento de entrada | Computer |
| Subdivisión general | aided design |
| 9 (RLIN) | 147301 |
| 650 ## - PUNTO DE ACCESO ADICIONAL DE MATERIA--TÉRMINO DE MATERIA | |
| Término de materia o nombre geográfico como elemento de entrada | Diseño asistido por computador |
| 9 (RLIN) | 147302 |
| 650 ## - PUNTO DE ACCESO ADICIONAL DE MATERIA--TÉRMINO DE MATERIA | |
| Término de materia o nombre geográfico como elemento de entrada | Gráficos por computador |
| 9 (RLIN) | 147303 |
| 700 ## - PUNTO DE ACCESO ADICIONAL--NOMBRE DE PERSONA | |
| Nombre de persona | Bienvenido Barcena, José Fernando, tr. |
| 9 (RLIN) | 147304 |
| 700 ## - PUNTO DE ACCESO ADICIONAL--NOMBRE DE PERSONA | |
| Nombre de persona | Bosch Aran, Alfonso, tr. |
| 9 (RLIN) | 147305 |
| 700 ## - PUNTO DE ACCESO ADICIONAL--NOMBRE DE PERSONA | |
| Nombre de persona | García Lazaro, José Rafael, tr. |
| 9 (RLIN) | 147306 |
| 901 ## - ELEMENTOS DE DATOS A LOCAL LDA (RLIN) | |
| a | 620.00420285 J64 1992 |
| 902 ## - ELEMENTOS DE DATOS B LOCAL, LDB (RLIN) | |
| a | M |
| 905 ## - ELEMENTOS DE DATOS E LOCAL, LDE (RLIN) | |
| a | 5232271992 mx amn 8222223322spa16 |
| 942 ## - ELEMENTOS DE PUNTO DE ACCESO ADICIONAL (KOHA) | |
| Tipo de ítem Koha | Libro |
| Fuente del sistema de clasificación o colocación | Dewey Decimal Classification |
| Estado de retiro | Estado de pérdida | Fuente del sistema de clasificación o colocación | Estado dañado | Restricciones de uso | No para préstamo | Código de colección | Localización permanente | Ubicación/localización actual | Fecha de adquisición | Fuente de adquisición | Información codificada de la localización en otra ubicación | Coste, precio normal de compra | Número de inventario | Total de préstamos | Signatura topográfica completa | Código de barras | Fecha visto por última vez | Número de copia | Tipo de ítem Koha |
|---|---|---|---|---|---|---|---|---|---|---|---|---|---|---|---|---|---|---|---|
| Dewey Decimal Classification | Préstamo interno | General | Ingenieria Agroindustrial | Ingenieria Agroindustrial | 04/10/1993 | Compra Librería patena F. 238 / (04/10/1993) | 1 | 106.00 | 168709 | 620.00420285 J64 1992 | dia_004186 | 18/01/2022 | 1 | Libro |
